কালমৃগয়া / (Record no. 44937)
[ view plain ]
| 000 -LEADER | |
|---|---|
| fixed length control field | 00931nam a2200241 a 4500 |
| 001 - CONTROL NUMBER | |
| control field | 44937 |
| 003 - CONTROL NUMBER IDENTIFIER | |
| rucl marc code | BD-RjUL |
| 005 - DATE AND TIME OF LATEST TRANSACTION | |
| control field | 20211209053935.0 |
| 008 - FIXED-LENGTH DATA ELEMENTS--GENERAL INFORMATION | |
| fixed length control field | 160721s1953 ii ||||| |||| 00| 0 ben d |
| 035 ## - SYSTEM CONTROL NUMBER | |
| System control number | (BD-RjUL)45055 |
| 040 ## - CATALOGING SOURCE | |
| Original cataloging agency | BD-RjUL |
| Language of cataloging | ben |
| Transcribing agency | BD-RjUL |
| Modifying agency | BD-RjUL |
| 041 ## - LANGUAGE CODE | |
| Language code of text/sound track or separate title | ben |
| 082 ## - DEWEY DECIMAL CLASSIFICATION NUMBER | |
| Edition number | 23 |
| Classification number | 891.4414 |
| Author mark and year | THK 1953 |
| 100 ## - MAIN ENTRY--PERSONAL NAME | |
| Personal name | ঠাকুর, রবীন্দ্রনাথ |
| 9 (RLIN) | 137722 |
| 245 10 - TITLE STATEMENT | |
| Title | কালমৃগয়া / |
| Statement of responsibility, etc. | রবীন্দ্রনাথ ঠাকুর |
| 260 ## - PUBLICATION, DISTRIBUTION, ETC. (IMPRINT) | |
| Place of publication, distribution, etc. | কলিকাতা : |
| Name of publisher, distributor, etc. | বিশ্বভারতী, |
| Date of publication, distribution, etc. | ১৯৫৩ |
| 300 ## - PHYSICAL DESCRIPTION | |
| Pagination | [৬], ৮০ পৃ. ; |
| Size | ২৭ সেমি. |
| 490 ## - SERIES STATEMENT | |
| Series statement | স্বরবিতান- |
| Volume/sequential designation | ২৯ |
| 600 ## - SUBJECT ADDED ENTRY--PERSONAL NAME | |
| Personal name | Tagore, Rabindranath, |
| Dates associated with a name | 1861-1941 |
| Personal name | ঠাকুর, রবীন্দ্রনাথ |
| Dates associated with a name | ১৮৬১-১৯৪১ |
| 700 ## - ADDED ENTRY--PERSONAL NAME | |
| Personal name | স্বরবিতান- |
| Fuller form of name | ২৯ |
| 942 ## - ADDED ENTRY ELEMENTS (KOHA) | |
| Source of classification or shelving scheme | Dewey Decimal Classification |
| Koha item type | Books |
| Lost status | Source of classification or shelving scheme | Damaged status | Not for loan | Collection code | Permanent Location | Current Location | Shelving location | Date acquired | Source of acquisition | Cost, normal purchase price | Total Checkouts | Full call number | Date last seen | Copy number | Koha item type | Date checked out |
|---|---|---|---|---|---|---|---|---|---|---|---|---|---|---|---|---|
| Dewey Decimal Classification | Non-fiction | Central Library, University of Rajshahi | Central Library, University of Rajshahi | 08/02/1959 | Provicial lib. | 3.00 | B 891.4414 THK 1953 | 21/07/2016 | C-2 | Books | ||||||
| Dewey Decimal Classification | Non-fiction | Central Library, University of Rajshahi | Central Library, University of Rajshahi | 29/05/2011 | Paragon Enterprise Lit., Dhaka | 3451.00 | 1 | B 891.4414 THK 1953 | 03/09/2018 | C-3 | Books | 16/08/2018 | ||||
| Dewey Decimal Classification | Not For Loan | Non-fiction | Central Library, University of Rajshahi | Central Library, University of Rajshahi | Reading Room | 12/06/1990 | N/A | 0.00 | B 891.4414 THK 1953 | 14/02/2017 | C-1 | Books |